01200cam a2200241 a 450000100100000000500170001000800410002702000150006804000200008308200230010310000380012624500790016425000210024326000730026430000280033749001480036560000790051365000410059283001550063391000290078895201260081799900150094300000716820200929154102.0751015s1995 sp a 000 0bspa  a8478202404 aDO-SdBNPdBNPHU a923.1bS194i, 19951 aSan Vicente Pino, Ángel.91990510aIsabel de Aragón :breina santa de Portugal /cÁngel San Vicente Pino. a2a ed. renovada. aZaragoza, España :bInstitución "Fernando el Católico",c1995. a211 p. :bil. ;c22 cm.1 aPublicación no. 1.679 de la Institución "Fernando el Católico" de la Exema Diputación provincial de Zaragosa ;vno. 1aTemas aragoneses00aISABEL,cREINA CONSORTE DE DIONISIO I, REY DE PORTUGAL,d1271-1336.919906 4aPortugalxHistoriay1282-1336919907 0aPublicación no. 1.679 de la Institución "Fernando el Católico" de la Exema Diputación provincial de Zaragosa ;vno. 1pTemas aragoneses919908 aCatalogación derivada. 001052708MOaGRbGRcCTd2009-09-05iLF1l0o923.1 S194i, 1995p7168-10r2020-06-25w2020-06-25y2ZPréstamo interno c6949d6949